Catalog

Record Details

Catalog Search



Přínos léčebně pedagogicko-psychologického ježdění pro pacienty se závislostí na alkoholu : bakalářská práce Cover Image Book Book

Přínos léčebně pedagogicko-psychologického ježdění pro pacienty se závislostí na alkoholu : bakalářská práce Jana Hurdová ; Vedoucí práce: Lucie Hubertová

Record details

  • Physical Description: 70 s. příl.

Content descriptions

Bibliography, etc. Note:
bibliogr. s. 60

Available copies

  • 1 of 1 copy available at Common Catalog SPOK.

Holds

  • 0 current holds with 1 total copy.
Show Only Available Copies
Location Call Number / Copy Notes Barcode Shelving Location Status Due Date
Jabok Library ABP-1644 424480024942 Absolventské práce Reference -

Electronic resources

Version of Resource: Plný text


LDR 00733ntm a22 a 4500
00110359
003CZ-PrJAB
00520210308061234.0
008101014s2010 xr e |||| |cze
009cz
035 . ‡a(CONS)10359
035 . ‡aKPS0020017
0410 . ‡acze
10011. ‡715068 ‡aHurdová, Jana
110 2. ‡aEvangelická teologická fakulta Univerzity Karlovy
2451 . ‡aPřínos léčebně pedagogicko-psychologického ježdění pro pacienty se závislostí na alkoholu : ‡bbakalářská práce ‡cJana Hurdová ; Vedoucí práce: Lucie Hubertová
260 . ‡aPraha ‡c2010
300 . ‡a70 s. ‡bpříl.
504 . ‡abibliogr. s. 60
653 . ‡ahiporehabilitace ‡ahipoterapie ‡azávislost na alkoholu ‡aalkoholici
70011. ‡715365 ‡aHubertová, Lucie
999 . ‡a1644- ‡c1644- ‡i424480024942 ‡tP
999 . ‡a1645- ‡c1645- ‡i424480024936 ‡tP
910 . ‡aABG312
85641. ‡uhttps://dspace.cuni.cz/handle/20.500.11956/37019 ‡yPlný text
901 . ‡a10359 ‡bCZ-PrJAB ‡c10359 ‡tbiblio

Additional Resources